000 00354pab a2200157 454500
008 180718b2014 xxu||||| |||| 00| 0 eng d
100 _aVijayan, P.K.
245 _aAn arrested story
260 _c2014
300 _ap.27-28.
362 _a7 Jun
650 _aTerrorism
773 _aEconomic and Political Weekly
908 _aN
909 _a104408
999 _c104404
_d104404